000 00493nam a2200193Ia 4500
005 20240823010031.0
008 240823s9999||||xx |||||||||||||| ||und||
041 _aENGLISH
082 _A621.381 N9
100 _aMaheshwari L K
245 0 _aLaboratory Manual for Introductory Electronics Experiments
250 _a1st
260 _c1999
_b"New Age,New Delhi"
500 _aTransfered
650 _aElectronics
_bElectronics
700 _a Anand M M S
942 _cBK
999 _c157449
_d157449